Geography of The Netherlands - Statistics

General Stats
  • This quiz has been taken 1,130 times
    1,065 since last reset
  • The average score is 15 of 20
Answer Stats
Question Answer % Correct
What city in the Netherlands is home to the busiest port in Europe? Rotterdam
98%
What ocean sea does the Netherlands border? North Sea
96%
What city is home to the International Court of Justice? The Hague
95%
What are the names of the ABC islands in the Caribbean? Aruba
87%
What Dutch-derived language is an official language of South Africa? Afrikaans
86%
What is "De Wallen" district of Amsterdam known as in English? {Red}-{Light} District
83%
What are the names of the ABC islands in the Caribbean? Curaçao
82%
The delta of which river that starts in Switzerland is located in the Netherlands? Rhine
77%
What is the name of the Caribbean island the Netherlands shares with France? Sint Maarten
77%
What is the three initials of the national airline of the Netherlands? KLM
76%
What type of embankment is meant to keep the water out? Dyke
72%
What are the names of the ABC islands in the Caribbean? Bonaire
70%
What was the most important city in the Netherlands until the Dutch Golden Age? Utrecht
69%
What is the most populous city in the province of North Brabant? Eindhoven
61%
Which term is used for a piece of reclaimed land surrounded by the above? Polder
61%
What city is the capital of North Holland? Haarlem
57%
What is the least-populated province of the Netherlands? Zeeland
56%
On what river does Amsterdam lie? Amstel
53%
What group of islands are divided between Denmark, Germany and the Netherlands? {Frisian} Islands
51%
On what two-letters body of water is Amsterdam situated? The {IJ}
49%
No matching quizzes found
Score Distribution
Percent of People with Each Score
Percentile by Number Answered
Your Score History
You have not taken this quiz since the last reset